| 000 | 01147nam a2200325 4500 | ||
|---|---|---|---|
| 003 | EG-GICUC | ||
| 005 | 20260508121725.0 | ||
| 008 | 260407t1976 ua|||||f |||| 00| 0 ara d | ||
| 017 | _a76/5227 | ||
| 020 | _a7223080 | ||
| 040 |
_a EG-GICUC _bara _c EG-GICUC _d EG-GICUC _erda |
||
| 043 | _af-ua--- | ||
| 082 | 0 | 4 |
_221 _a343.91 |
| 092 | 0 | 4 | _221 |
| 099 | _aLaw1 10 343.91 ع ل . ن 1976 | ||
| 100 | 0 | _aعلي علي منصور | |
| 245 | 1 | 0 |
_aنظام التجريم والعقاب باللإسلام / _cعلي علي منصور _nالجزء الثاني |
| 264 |
_aالقاهرة: _bمطبعة الأهرام; _c1976. |
||
| 300 |
_aالجزء الاثاني ; _c24 سم _bإيضاحيات، صور، مثيليات ؛ |
||
| 336 |
_2rda content _atext |
||
| 337 |
_2rda media _aComputer |
||
| 338 |
_2rda carrier _aOnline Resource |
||
| 504 | _a. 240-220 ببليوجرافيا: صفحات. | ||
| 650 | 1 | 4 |
_aعلم العقاب _2qrmak |
| 650 | 1 | 4 |
_aالنظام الجنائي الإسلامي _2qrmak |
| 651 | 1 | _2qrmak | |
| 856 | 4 | 0 | _uhttps://fll.law.cu.edu.eg/fulltext/bks/B10-08387.pdf |
| 905 | _a17 | ||
| 942 |
_2ddc _n0 _cBK _e21 |
||
| 999 |
_c69383 _d69383 |
||